000 00556nam a2200169Ia 4500
008 090201s9999 xx 000 0 und d
010 _aKPL-27974
040 _bमराठी
041 _aमराठी
082 _a27814
_b27974
100 _aयशवंत पाठक
245 _aनाचू किर्तनाचे रंगी
_cयशवंत पाठक
260 _c2004
_bर अ कुलकर्णी
300 _a255
_bमोठा
600 _aनाचू किर्तनाचे रंगी
942 _cBOOK
999 _c226632
_d226632